000
00310nam a22001337a 4500
008
170605b xxu||||| |||| 00| 0 eng d
020
_a
9781852834241
041
_a
eng
080
_a
94
100
_a
18
101
_a
SHH
245
_a
APE MAN THE STORY OF HUMAN EVULOTION
_c
CAIRG.R
942
_2
udc
_c
BK
999
_c
15974
_d
15974